Analyzing The 26th Amendment in the Context of the Basic Structure Doctrine: Implications for Judicial Independence / (Record no. 615626)

000 -LEADER
fixed length control field 00506nam a22001337a 4500
082 ## - DEWEY DECIMAL CLASSIFICATION NUMBER
Classification number 340
Author Mark KHA
100 ## - MAIN ENTRY--PERSONAL NAME
Personal name Khan, Abid & Shah, Syed Abbas Ali
245 ## - TITLE STATEMENT
Title Analyzing The 26th Amendment in the Context of the Basic Structure Doctrine: Implications for Judicial Independence /
Statement of responsibility, etc. Abid Khan & Syed Abbas Ali Shah
260 ## - PUBLICATION, DISTRIBUTION, ETC.
Place of publication, distribution, etc. Islamabad :
Name of publisher, distributor, etc. NUST Law School,
Date of publication, distribution, etc. 2025.
300 ## - PHYSICAL DESCRIPTION
Extent 39 p. ;
Dimensions 30 CM.
563 ## - BINDING INFORMATION
Binding note HBK.
856 ## - Uniform Resource Identifier
Uniform Resource Identifier <a href="http://10.250.8.41:8080/xmlui/handle/123456789/56171">http://10.250.8.41:8080/xmlui/handle/123456789/56171</a>
942 ## - ADDED ENTRY ELEMENTS (KOHA)
Source of classification or shelving scheme
Koha item type Book
Holdings
Withdrawn status Lost status Source of classification or shelving scheme Damaged status Not for loan Permanent Location Current Location Date acquired Total Checkouts Full call number Barcode Date last seen Price effective from Koha item type
          NUST Law School (NLS) NUST Law School (NLS) 12/18/2025   340 KHA NLSP-14 12/18/2025 12/18/2025 Book
© 2023 Central Library, National University of Sciences and Technology. All Rights Reserved.